000 00540nam a2200169 i 4500
001 71400
003 ES-MaACL
005 20230906171123.0
007 t|
008 040810s1971 sp ||||1| spa d
100 1 _aGeertinger, Preben.
_956200
245 1 0 _aMuerte súbita en el lactante /
_cPreben Geertinger ; [versión, J. Corbella Corbella].
260 _aBarcelona :
_bEditorial Pediátrica,
_c1971.
300 _aXV, 114 p., 5 lám. :
_bil. ;
_c23 cm.
700 1 _aCorbella, Jacint.
_9147000
852 _aES-MaACL
_jC-44195
_bR.79475
999 _c71400
_d71400